| 000 | 00726nam a2200265Ia 4500 | ||
|---|---|---|---|
| 003 | OSt | ||
| 005 | 20221006153351.0 | ||
| 006 | a|||||r|||| 00| 0 | ||
| 007 | ta | ||
| 008 | 221006b |||||||| |||| 00| 0 kor d | ||
| 024 | _a32,130 | ||
| 037 |
_bGift, Korea Foundation _cTextual |
||
| 040 |
_aEASL _cEASL _bkor |
||
| 041 |
_2kor _akor |
||
| 082 | _aO495,4x, P4 | ||
| 100 |
_aJIN Hyeon Chong Au. _9663574 |
||
| 245 | 0 | _aThiknathan seuminkwa-insobakhan mannam | |
| 260 |
_aSeoul _bMyunggin Korea _c2004 |
||
| 300 |
_a181p. _ccm. |
||
| 490 | _v KL | ||
| 650 | _a KL | ||
| 650 | _aEssays | ||
| 942 |
_hO495,4x, P4 _cTEXL _2CC |
||
| 999 |
_c1100216 _d1100216 |
||